| 000 | 01003cam a2200325 a 4500 | ||
|---|---|---|---|
| 001 | |||
| 003 | DO-SdBNP | ||
| 005 | 20210514073552.0 | ||
| 007 | |||
| 008 | 020930s2017 dr a 000 1 spa | ||
| 010 | _a | ||
| 020 | _a9789945503081 | ||
| 040 |
_aBPMSU _cspa _bBPMSU |
||
| 082 |
_aRD863.44 _bD542u _222 |
||
| 100 | 1 | _aDíaz, Pircilio | |
| 245 | 1 | 4 |
_aLas últimas palabras / _cPircilio Díaz _b |
| 260 |
_aSanto Domingo : _bMinisterio de Cultura ; _bEditora Nacional _c 2017 |
||
| 300 |
_a91 p. ; _c21 cm. _b |
||
| 490 | 0 | _aNarrativa | |
| 500 | _3Incluye datos biográficos del autor en la solapa de la cubierta | ||
| 590 | _6Inventariado, 2021/VM | ||
| 611 | 4 |
_aFeria Regional del Libro _n(13 : _d2017 : _cAzua, República Dominicana ) |
|
| 650 | 4 |
_aCertámenes literarios _zAzua (República Dominicana) |
|
| 650 | 4 | _aCuentos Dominicanos | |
| 650 | 4 |
_aLiteratura dominicana _v |
|
| 650 | 4 | _a | |
| 700 | 1 |
_a Díz, Pircilio _d1959 - |
|
| 910 | _aVMateo | ||
| 942 |
_2ddc _cBK |
||
| 999 |
_c13479 _d13479 |
||